000 01241nam a2200289 a 4500
001 BRCA_2319
005 20190320203747.0
008 080114s2007 ne-a---##b---#001-0#eng-c
020 _a9789004164178 (Chazen)
020 _a9789004155398 (Hotei)
040 _aBTCTA
_cBTCTA
_dYDXCP
050 4 _aNE1321.85.U8
_b.M84 2007
100 1 _aMueller, Laura J.
_96970
245 1 0 _aCompetition and Collaboration
_bJapanese Prints of the Utagawa School
_cLaura J. Mueller ; with essays by Fujisawa Akane, Kobayashi Tadashi & Ellis Tinios.
260 _aLeiden, Boston
_bHotei Publishing
_c2007
300 _a231 p.
_bil. (algunas a color)
_c31 cm.
500 _aCatálogo de la exposición realizada en el Chazen Museum of Art (Madison, Wisconsin), 3 noviembre, 2007 - 6 enero, 2008 y en The Brooklyn Museum (Brooklyn, New York), 21 marzo - 15 junio, 2008
500 _aIncluye biografías de artistas, glosario e índice alfabético
504 _aBibliografía : p. 224-226
610 2 4 _aUtagawa School of Ukiyoe
_96971
650 1 4 _aEstampado japonés
_96972
650 1 4 _aGrabado japonés
_96973
700 1 _aFujisawa, Akane
_d1971-
_96974
700 1 _aKobayashi, Tadashi
_d1941-
_91160
700 1 _aTinios, Ellis
_96975
942 _2lcc
_cB
999 _c2064
_d2064